000 00303nam a22001337a 4500
003 SGT
020 _a9788188012848
082 _a070
_bS18K
100 _aKUNDU, AMALENDU
245 _aSHADOW OF THE DRAGON AND RECENT DEVELOPMENTS
260 _bPOETS FOUNDATION
_c2018
300 _a399
942 _2ddc
_cBK
999 _c28846
_d28846